Chaîne de mots de 5 lettres - Culture Générale - Statistiques

Statistiques générales
  • Ce quiz a été pris 374 fois
  • Le résultat moyen est 16 sur 28
Statistiques - réponses
Indice Réponse % Correct
Capitale de la France Paris
100%
Président Américain élu deux fois Trump
91%
Indispensable du bûcheron Hache
87%
Attribut masculin Pénis
87%
Sur la tige d'une rose Epine
84%
Lettre électronique Email
83%
Primate Singe
83%
Pays du moyen-orient Syrie
76%
Capitale d'un pays maghrébin Rabat
75%
Se déplacent en meute Loups
74%
Qui nous sépare de New York Ocean
74%
Maison du pôle nord Igloo
62%
Grande chanteuse française Edith
56%
Pays africain Tchad
53%
Citron Lemon
50%
Grand tennisman Suisse Roger
49%
Grande chanteuse britannique Adele
47%
Martyre de la religion chrétienne Saint
47%
Capitale Asiatique Séoul
46%
Fan inconditionnel de football Ultra
43%
On ne sait pas quoi faire Ennui
41%
Ami de la vis Ecrou
40%
Pour faire la vaisselle Evier
33%
Ville d'Occitanie Nîmes
30%
Prénom de fakir Nabil
28%
Poète Italien Dante
26%
Fruit tropical Litchi
24%
Membres d'une tribu américaine Incas
12%
Aucun quiz correspondant
Distribution des résultats
% des personnes avec chaque résultat
Percentile par nombre de réponses
Votre historique - résultats
Vous n’avez pas pris ce quiz